Statistics for 2017 NBA Biggest Offseason Moves

Click here to take the quiz!

General Stats

  • This quiz has been taken 56 times
  • The average score is 11 of 16

Answer Stats

HintPlayer% Correct
LAC-HOUChris Paul
100%
CHI-MINJimmy Butler
98%
IND-OKCPaul George
98%
UTA-BOSGordon Hayward
92%
ATL-DENPaul Millsap
92%
LAL-BKND'Angelo Russell
75%
ATL-CHADwight Howard
73%
BOS-DETAvery Bradley
69%
MIN-UTARicky Rubio
65%
DEN-LACDanilo Gallinari
59%
IND-MINJeff Teague
59%
NYK-CLEDerrick Rose
57%
LAC-MINJamal Crawford
55%
SAC-SASRudy Gay
55%
DET-LALKentavious Caldwell-Pope
49%
CHI-NOPRajon Rondo
49%

Score Distribution

Percentile by Number Answered

Percent of People with Each Score

Your Score History

You have not taken this quiz